Histoire de l'Academie Royale des Inscriptions et Belles Lettres depuis son establissement jusqu'a present, avec les mémoires de littérature tirez des registres de cette Académie, depuis son renouvellement jusqu'en MDCCX (Record no. 151337)

MARC details
000 -LEADER
campo de control de longitud fija 01129nam a2200217 i 4500
001 - NÚMERO DE CONTROL
campo de control 151337
003 - IDENTIFICADOR DE NÚMERO DE CONTROL
campo de control ES-MaACL
005 - FECHA Y HORA DE LA ÚLTIMA TRANSACCIÓN
campo de control 20230906203953.0
008 - DATOS DE LONGITUD FIJA--INFORMACIÓN GENERAL
campo de control de longitud fija 040722s1717 fr a |||| | fre d
040 ## - FUENTE DE CATALOGACIÓN
Centro catalogador/agencia de origen CAM
Lengua de catalogación spa
Centro/agencia transcriptor CAM
110 2# - ENTRADA PRINCIPAL--NOMBRE DE ENTIDAD CORPORATIVA
Nombre de entidad corporativa o nombre de jurisdicción como elemento de entrada Académie des inscriptions et belles-lettres (Francia)
9 (RLIN) 1230
245 10 - MENCIÓN DEL TÍTULO
Título Histoire de l'Academie Royale des Inscriptions et Belles Lettres depuis son establissement jusqu'a present, avec les mémoires de littérature tirez des registres de cette Académie, depuis son renouvellement jusqu'en MDCCX
Resto del título : tome premier.
260 ## - PUBLICACIÓN, DISTRIBUCIÓN, ETC.
Lugar de publicación, distribución, etc. A Paris :
Nombre del editor, distribuidor, etc. de l'Imprimerie Royale,
Fecha de publicación, distribución, etc. 1717.
300 ## - DESCRIPCIÓN FÍSICA
Extensión [20], 384 p., [14] h. de lám. ;
Dimensiones 4º.
597 ## - NOTA DE DESCRIPCIÓN FÍSICA
NOTA DE DESCRIPCIÓN FÍSICA Sign.: []2, a-b4, A-3B4.
597 ## - NOTA DE DESCRIPCIÓN FÍSICA
NOTA DE DESCRIPCIÓN FÍSICA Port. con grab. calc.: "A. Coypel, B. Audran sc."
599 ## - NOTA A LAS ILUSTRACIONES
NOTA A LAS ILUSTRACIONES Front. calc. escena alegórica: "Ant Coypel inv., N. Pitan Effigien Regis sculp., C. Simonneau sculp."
599 ## - NOTA A LAS ILUSTRACIONES
NOTA A LAS ILUSTRACIONES Las h. de lám. grab. calc.
610 2# - PUNTO DE ACCESO ADICIONAL DE MATERIA--NOMBRE DE ENTIDAD CORPORATIVA
Nombre de entidad corporativa o nombre de jurisdicción como elemento de entrada Académie des inscriptions et belles-lettres (Francia)
9 (RLIN) 1230
852 ## - LOCALIZACIÓN
Ubicación ES-MaACL
Número de control de estantería R-1298-1343
Nota libre -- Enc. piel con superlibris dorado de un león rampante
Encuadernación Olim: G-13300-45
Holdings
Estatus retirado Estado de pérdida Estado de daño No para préstamo Colección Biblioteca de origen Biblioteca actual Ubicación en estantería Fecha de adquisición Total de préstamos Signatura topográfica completa Código de barras Visto por última vez Precio de reemplazo Tipo de ítem Koha
        Libros del s. XVIII Biblioteca del Ateneo de Madrid Biblioteca del Ateneo de Madrid Depósito 17/01/2008   R-1298-1343 1157901 23/02/2023 23/02/2023 Libro impreso antiguo